Elogio de la inarmonia
Αποθηκεύτηκε σε:
| Κύριος συγγραφέας: | |
|---|---|
| Μορφή: | Βιβλίο |
| Γλώσσα: | Ισπανικά |
| Έκδοση: |
Barcelona
Lumen
1989
|
| Σειρά: | Palabra en el tiempo. Ensayo, 186
|
| Θέματα: | |
| Ετικέτες: |
Προσθήκη ετικέτας
Δεν υπάρχουν, Καταχωρήστε ετικέτα πρώτοι!
|
MARC
| LEADER | 00000nam a2200000 a 4500 | ||
|---|---|---|---|
| 001 | UCX4330 | ||
| 003 | CL-VaPUC | ||
| 008 | 920414e19890000SP |||||||||||||||||spa|d | ||
| 082 | 0 | 4 | |a 854 |b DOR |2 21 |
| 100 | 0 | |a Dorfles, Gillo |e author |9 320476 | |
| 245 | 1 | 0 | |a Elogio de la inarmonia |
| 300 | |a 179 p | ||
| 942 | |c BK | ||
| 945 | |d 19920414 00:00:00 | ||
| 260 | |a Barcelona |b Lumen |c 1989 | ||
| 650 | 7 | |a ENSAYOS ITALIANOS |2 CL-VaPUC |9 313702 | |
| 583 | |a last modification |c 19920414 00:00:00 |k Rodrigo Vera | ||
| 490 | 0 | |a Palabra en el tiempo. Ensayo, 186 | |
| 999 | |c 224817 |d 224815 | ||
| 952 | |0 0 |1 0 |4 0 |6 854_000000000000000_DOR_1989 |7 0 |8 A |9 221797 |a BIBEDU |b BIBEDU |d 2019-11-15 |i 2906651 |o 854 DOR 1989 |p 2906651 |r 2019-11-15 |w 2019-11-15 |y BK |k LIT | ||